Politik-Lexikon

Enregistré dans:
Détails bibliographiques
Autres auteurs: Holtmann, Everhard
Format: Livre
Langue:allemand
Publié: München Oldenbourg 1994
Édition:2. überarb. und erw. Aufl.
Sujets:
Tags: Ajouter un tag
Pas de tags, Soyez le premier à ajouter un tag!

MARC

LEADER 00000nam a2200000 4500
001 c010263
005 20221214075353.6
020 |a 3-486-22566-9 
041 0 |a ger 
044 |a DE 
245 1 0 |a Politik-Lexikon  |c Edit. Everhard Holtmann 
250 |a 2. überarb. und erw. Aufl. 
264 1 |a München  |b Oldenbourg  |c 1994 
300 |a 742 s. 
610 2 0 |a terminológia 
610 2 0 |a politika 
700 1 |a Holtmann, Everhard